| 000 | 00979cab a2200253 4500 | ||
|---|---|---|---|
| 001 | ABS48713 | ||
| 008 | 090401t1993 xxu||||| |||| 00| 0 eng d | ||
| 035 | _a(Sirsi) u68227 | ||
| 041 | _aeng | ||
| 100 | _aChalkley, R. | ||
| 245 | _aPartners and co-directors : a health warning | ||
| 260 | _c1993 | ||
| 350 | _a0 | ||
| 490 |
_aCSM (Chartered Surveyor Monthly) _v2(8) May 1993, 13(1) |
||
| 520 | _aConsiders the implications of Bye-law 24(5)(b) which means that every chartered surveyor who `is or holds himself out or allows himself to be held out a partner` or a director `in a firm` or a `company` can be held responsible for any contravention of Regulations or Bye-laws committed by any partner or co-director. | ||
| 650 | _aRICS BYE-LAW 24(5)(B) | ||
| 650 | _aDUTIES | ||
| 650 | _aPARTNERS | ||
| 650 | _aRICS BYE-LAWS | ||
| 650 | _aVICARIOUS LIABILITY | ||
| 690 | _aMANAGEMENT-BUSINESS MANAGEMENT-PROFESSIONAL PRACTICE | ||
| 942 | _n0 | ||
| 948 | _c04/03/1997 | ||
| 999 |
_c42790 _d42790 |
||